Countries Bordering Cote d'Ivoire ( Ivory Coast ) - Statistics

General Stats
  • This quiz has been taken 209 times
  • The average score is 5 of 5
Answer Stats
Country % Correct
Ghana
96%
Burkina Faso
94%
Liberia
94%
Guinea
90%
Mali
88%
No matching quizzes found
Score Distribution
Percent of People with Each Score
Percentile by Number Answered
Your Score History
You have not taken this quiz